| 000 | 01084nam a2200277 a 4500 | ||
|---|---|---|---|
| 001 | 42612 | ||
| 003 | (BD-RJUL) | ||
| 005 | 20211209053551.0 | ||
| 008 | 160614s1969 stkab 101 0 eng | ||
| 020 | _a0852240538 | ||
| 035 | _a(BD-RJUL) 42730 | ||
| 040 |
_aDLC _cDLC _dm.c _d(BD-RJUL) _beng |
||
| 041 | _aeng | ||
| 082 |
_223 _a338.911724 _bECO 1989 |
||
| 111 | 2 |
_aInternational Seminar on Problems of Economic Development and Structural Change _d(1968 : _cUniversity of Edinburgh) _9131004 |
|
| 245 | o | 0 |
_aEconomic development and structural change / _cedited by I. G. Stewart |
| 260 |
_aEdinburgh : _bUniversity Press, _c1969 |
||
| 300 |
_a193 p. : _bill. ; _c23 cm |
||
| 500 | _a"Held by the Dept. of Economics in the University of Edinburgh." | ||
| 650 | 0 |
_aEconomic development _vCongresses _9131005 |
|
| 650 | 0 |
_aInternational economic relations _vCongresses _9131006 |
|
| 651 | 0 |
_aDeveloping countries _xEconomic policy _xCongresses _9131007 |
|
| 700 | 1 |
_aStewart, I. G. _9131008 |
|
| 710 | 2 |
_aUniversity of Edinburgh. _bDepartment of Economics. _9131009 |
|
| 942 |
_2ddc _cBK |
||
| 999 |
_c42612 _d42612 |
||